| 000 | 00674nam a2200229 u 4500 | ||
|---|---|---|---|
| 005 | 20241109063734.0 | ||
| 008 | 170904s2015 mx r 000 0 spa d | ||
| 020 | _a9786071723529 | ||
| 035 | _aUPN01000220155 | ||
| 049 | _aCG | ||
| 050 | 4 |
_aBJ1533 R4.2 _bR6.2 |
|
| 100 | 1 |
_aRosen, Michael _940940 |
|
| 245 | 1 | 0 |
_aDignidad : _bsu historia y significado / _cMichael Rosen ; tr. Tania Martínez Robles. |
| 260 |
_aMéxico : _bTrillas, _cc2015. |
||
| 300 | _a157 p. | ||
| 534 |
_pTítulo original: _tDignity : its history and meaning |
||
| 650 | 2 |
_aDignidad _915329 |
|
| 650 | 2 |
_aRespeto _94166 |
|
| 650 | 4 |
_aDerechos humanos _95797 |
|
| 905 | _aLibro | ||
| 999 |
_c192254 _d192254 |
||